000 01422 a2200217 4500
001 21675
005 20260407155507.0
008 260407a2005 arg spa d
003 AR-UNSa-BCEJYS
040 _aAR-UNSa-BCEJYS
_bspa
_cAR-UNSa-BCEJYS
080 _a336.225
_xMétodo de tributación y administración de impuestos
245 1 0 _aAcciones y recursos en materia tributaria
020 _a987-592-028-2
264 1 _aBuenos Aires :
_bLexis Nexis
_c2005
300 _axxi, 505 p.
_c22 cm.
505 _a1. La potestad tributaria y el orden constitucional - 2. El control judicial de constitucionalidad en el proceso tributario - 3.El proceso tributario y el marco constitucional - 4. El tribunal fiscal de la nación - 5. Juicio de educación fiscal - 6. Acción de amparo - 7. La acción declarativa - 8. Acción de repetición - 9. Igualdad de las partes de la relación procesal tributaria y vicisitudes del principio - 10. Procedimiento penal tributario - 11. Jurisdicción y competencia de la corte suprema - 12. Acciones y recursos en jurisdicción provincial - 13. La privatización de la función en el estado desertor - 14. Juicio por jurados en materia tributaria.
942 _cBK
590 _aniveau_biblio:m niveau_hierar:0
100 1 _aSpisso, Rodolfo Roque
856 4 1 _uhttps://biblioeco.unsa.edu.ar/pmb/images/libros/Acciones y Recursoso en Marteria Tributaria.jpg
_yImagen de portada
_qimage/jpeg
999 _c842
_d842